000 01245nam1a22002411i 4500
001 rc\161403
005 20260406105615.0
035 _a(NLR Aleph) 008748184
090 _a9559277
_c9559277
100 _a20030307g19949999u |0rusy50 ca
101 0 _arus
102 _aRU
105 _ay |||||||||
200 1 _aСовременные проблемы истории образования и педагогической науки
_e[В 3 т.
_fЗ.И. Равкин, А.А. Фролов, З. Вайтц и др.]
_gПод ред. З.И. Равкина
_gРос. акад. образования. Ин-т теорет. педагогики и междунар. исслед. в образовании, Междунар. центр методол. ист.-пед. исслед.
210 _aМ.
_cИТПИМИО
_d1994-
215 _d20
300 _aАвт. указаны на 6-й с.
701 1 _aРавкин
_bЗ.И.
_gЗахар Ильич
712 0 2 _aИнститут теоретической педагогики и международных исследований в образовании
_cМосква
_3RU\NLR\AUTH\884540
_9280605
801 0 _aRU
_bNLR
_gpsbo
801 1 _aRU
_bELAR
_2rusmarc
852 _aNLR
_j94-3/2003
942 _cBOOK